<?xml version="1.0" encoding="UTF-8"?>
<record
    xmlns:xsi="http://www.w3.org/2001/XMLSchema-instance"
    xsi:schemaLocation="http://www.loc.gov/MARC21/slim http://www.loc.gov/standards/marcxml/schema/MARC21slim.xsd"
    xmlns="http://www.loc.gov/MARC21/slim">

  <leader>02653nam a2200361 u 4500</leader>
  <controlfield tag="001">1456797</controlfield>
  <controlfield tag="005">20260508090929.0</controlfield>
  <controlfield tag="008">161212nuuuuuuuu                    spa  </controlfield>
  <datafield tag="020" ind1=" " ind2=" ">
    <subfield code="a">9786070305443</subfield>
  </datafield>
  <datafield tag="035" ind1=" " ind2=" ">
    <subfield code="a">1456797</subfield>
  </datafield>
  <datafield tag="040" ind1=" " ind2=" ">
    <subfield code="c">comduadb</subfield>
  </datafield>
  <datafield tag="041" ind1=" " ind2=" ">
    <subfield code="a">spa</subfield>
  </datafield>
  <datafield tag="082" ind1=" " ind2="4">
    <subfield code="a">323</subfield>
  </datafield>
  <datafield tag="100" ind1="1" ind2="0">
    <subfield code="a">Mandela, Nelson,</subfield>
    <subfield code="d">1918-2013</subfield>
    <subfield code="4">aut</subfield>
    <subfield code="e">aut</subfield>
    <subfield code="9">412358</subfield>
  </datafield>
  <datafield tag="245" ind1="1" ind2="0">
    <subfield code="a">No es f&#xE1;cil el camino de la libertad</subfield>
  </datafield>
  <datafield tag="250" ind1=" " ind2=" ">
    <subfield code="a">2. edici&#xF3;n</subfield>
  </datafield>
  <datafield tag="260" ind1=" " ind2=" ">
    <subfield code="a">M&#xE9;xico :</subfield>
    <subfield code="b">Siglo XXI Editores,</subfield>
    <subfield code="c">2014.</subfield>
  </datafield>
  <datafield tag="300" ind1=" " ind2=" ">
    <subfield code="a">223 p&#xE1;ginas</subfield>
  </datafield>
  <datafield tag="490" ind1="0" ind2=" ">
    <subfield code="a">Testimonios para la historia de la injusticia</subfield>
  </datafield>
  <datafield tag="490" ind1="0" ind2=" ">
    <subfield code="a">Sociolog&#xED;a y Pol&#xED;tica</subfield>
  </datafield>
  <datafield tag="505" ind1=" " ind2=" ">
    <subfield code="a">CONTENIDO : 1: Las corrientes del nacionalismo africano. -- 2: Vivir en la segregaci&#xF3;n. -- 3: La lucha contra la segregaci&#xF3;n: nuestras t&#xE1;cticas y las suyas. -- 4: La resistencia secreta. -- 5: El juicio.</subfield>
  </datafield>
  <datafield tag="520" ind1="3" ind2=" ">
    <subfield code="a">RESUMEN: Uno de los aspectos m&#xE1;s interesantes del libro de Nelson Mandela es su riqueza informativa, pero sobre todo, su m&#xE1;xima fuerza radica en la comunicaci&#xF3;n del universo colonialista y la respuesta combativa del colonizado. El libro est&#xE1; integrado por los art&#xED;culos, discursos y defensas ante los tribunales que exponen los acontecimientos que condujeron a la actual situaci&#xF3;n en Sud&#xE1;frica por uno de los hombres comprometidos en la lucha, uno de los l&#xED;deres principales de la poblaci&#xF3;n subyugada por el apartheid, por lo tanto, visto desde adentro y no por un observador extra&#xF1;o. Las observaciones de Mandela tienen importancia pol&#xED;tica y social, pero el contenido psicol&#xF3;gico y humano, excepcionalmente agudo, le dan a esta recopilaci&#xF3;n un inter&#xE9;s vivido que la convierten en una de las p&#xE1;ginas m&#xE1;s bellas qua hayan surgido de las luchas nacionalistas de los nuevo pueblos. Junto con las publicadas por Frantz Fanon resumen la situaci&#xF3;n del &#xC1;frica actual y permiten evaluar, de manera incisiva, la pol&#xED;tica colonialista contempor&#xE1;nea. Antes de cada uno de los textos, y a veces intercalada en ellos, diversas notas del editor explican las circunstancias que motivaron cada una de las intervenciones escritas y orales de Mandela.</subfield>
  </datafield>
  <datafield tag="650" ind1=" " ind2=" ">
    <subfield code="a">Nacionalismo - &#xC1;frica</subfield>
    <subfield code="9">177198</subfield>
  </datafield>
  <datafield tag="650" ind1=" " ind2="7">
    <subfield code="a">Discriminaci&#xF3;n racial</subfield>
    <subfield code="2">armarc</subfield>
    <subfield code="9">172632</subfield>
  </datafield>
  <datafield tag="650" ind1=" " ind2=" ">
    <subfield code="a">Mandela, Nelson Rolihlahla, 1918-2013 - Discursos</subfield>
    <subfield code="9">209053</subfield>
  </datafield>
  <datafield tag="650" ind1=" " ind2="0">
    <subfield code="a">Mandela, Nelson Rolihlahla, 1918-2013 - Pensamiento pol&#xED;tico y social</subfield>
    <subfield code="9">191374</subfield>
  </datafield>
  <datafield tag="650" ind1=" " ind2=" ">
    <subfield code="a">Movimientos revolucionarios</subfield>
    <subfield code="9">34800</subfield>
  </datafield>
  <datafield tag="700" ind1="1" ind2="0">
    <subfield code="a">Ben Bella, Ahmed</subfield>
    <subfield code="4">aui</subfield>
    <subfield code="e">aui</subfield>
    <subfield code="9">722894</subfield>
  </datafield>
  <datafield tag="700" ind1="1" ind2="0">
    <subfield code="a">Tambo, Oliver</subfield>
    <subfield code="4">aui</subfield>
    <subfield code="e">aui</subfield>
    <subfield code="9">750944</subfield>
  </datafield>
  <datafield tag="700" ind1="1" ind2="0">
    <subfield code="a">First, Ruth</subfield>
    <subfield code="4">com</subfield>
    <subfield code="e">com</subfield>
    <subfield code="9">742876</subfield>
  </datafield>
  <datafield tag="700" ind1="1" ind2="0">
    <subfield code="a">Perujo, Francisca,</subfield>
    <subfield code="d">1934-</subfield>
    <subfield code="4">trl</subfield>
    <subfield code="e">trl</subfield>
    <subfield code="9">503803</subfield>
  </datafield>
  <datafield tag="942" ind1=" " ind2=" ">
    <subfield code="c">BOOK</subfield>
  </datafield>
  <datafield tag="999" ind1=" " ind2=" ">
    <subfield code="c">750863</subfield>
    <subfield code="d">750863</subfield>
  </datafield>
  <datafield tag="952" ind1=" " ind2=" ">
    <subfield code="0">0</subfield>
    <subfield code="1">0</subfield>
    <subfield code="4">0</subfield>
    <subfield code="7">0</subfield>
    <subfield code="8">GENERAL</subfield>
    <subfield code="a">B_N</subfield>
    <subfield code="b">B_N</subfield>
    <subfield code="d">2016-12-12</subfield>
    <subfield code="e">Grammatextos</subfield>
    <subfield code="g">41650.00</subfield>
    <subfield code="i">C1255887</subfield>
    <subfield code="l">0</subfield>
    <subfield code="o">323.11 M271</subfield>
    <subfield code="p">1022653</subfield>
    <subfield code="r">2023-05-03 00:00:00</subfield>
    <subfield code="t">1</subfield>
    <subfield code="w">2023-05-03</subfield>
    <subfield code="y">BOOK</subfield>
  </datafield>
</record>
